[Event "European Championship"]
[Site "Plovdiv BUL"]
[Date "2012.03.30"]
[Round "10"]
[White "Vallejo Pons, Francisco"]
[Black "Nisipeanu, Liviu-Dieter"]
[Result "1-0"]
[WhiteElo "2693"]
[BlackElo "2643"]
[PlyCount "89"]
[EventDate "2012.03.20"]
[EventRounds "11"]
[EventCountry "BUL"]

1. e4 c6 2. Nf3 d5 3. Nc3 Bg4 4. h3 Bxf3 5. Qxf3 e6 6. d4 dxe4 7. Qxe4 Nf6 8.
Qd3 Nbd7 9. g3 Be7 10. Bg2 O-O 11. O-O Qc7 12. b3 Rad8 13. Bb2 Rfe8 14. Rad1
Bf8 15. Qe2 g6 16. Nb1 Bg7 17. c4 e5 18. d5 e4 19. d6 Qb8 20. b4 b6 21. Nc3 Re6
22. Bc1 Rde8 23. c5 bxc5 24. bxc5 Qb4 25. Qc2 e3 26. Bxe3 Rxe3 27. fxe3 Qxc5
28. Rd3 Rxe3 29. Rxe3 Qxe3+ 30. Kh2 h5 31. Ne4 h4 32. Qf2 hxg3+ 33. Qxg3 Qd4
34. Nxf6+ Bxf6 35. Kh1 Kg7 36. Qg4 Qxg4 37. hxg4 c5 38. Bd5 Ne5 39. Rc1 Nd3 40.
Rb1 Nf2+ 41. Kg1 Nxg4 42. Rb7 Ne5 43. Rxa7 c4 44. Rc7 Bd8 45. a4 1-0

[Event "European Championship"]
[Site "Plovdiv BUL"]
[Date "2012.03.30"]
[Round "10"]
[White "Volokitin, Andrei"]
[Black "Zhigalko, Sergei"]
[Result "1-0"]
[WhiteElo "2695"]
[BlackElo "2649"]
[PlyCount "69"]
[EventDate "2012.03.20"]
[EventRounds "11"]
[EventCountry "BUL"]

1. e4 c5 2. Nf3 d6 3. d4 cxd4 4. Nxd4 Nf6 5. Nc3 a6 6. Be3 e5 7. Nb3 Be6 8. h3
Nbd7 9. g4 Rc8 10. Qd2 b5 11. O-O-O Be7 12. f4 exf4 13. Bxf4 Nc5 14. Qe3 Nxb3+
15. axb3 Qc7 16. Rh2 O-O 17. Kb1 Rfe8 18. Rhd2 h6 19. b4 Red8 20. e5 dxe5 21.
Bxe5 Qc6 22. Bg2 Qe8 23. Bb7 Rxd2 24. Rxd2 Rc4 25. b3 Rxb4 26. Na2 Bc8 27. Bxf6
Bxb7 28. Nxb4 gxf6 29. Re2 Kf8 30. Qxh6+ Kg8 31. Qd2 Kf8 32. Nd5 Bxd5 33. Qxd5
Qc8 34. Qe4 Ba3 35. Qh7 1-0

[Event "European Championship"]
[Site "Plovdiv BUL"]
[Date "2012.03.31"]
[Round "11"]
[White "Andreikin, Dmitry"]
[Black "Volokitin, Andrei"]
[Result "1/2-1/2"]
[WhiteElo "2689"]
[BlackElo "2695"]
[PlyCount "82"]
[EventDate "2012.03.20"]
[EventRounds "11"]
[EventCountry "BUL"]

1. d4 Nf6 2. Nf3 g6 3. c4 Bg7 4. Nc3 d5 5. Bg5 Ne4 6. Bf4 Nxc3 7. bxc3 c5 8. e3
O-O 9. cxd5 Qxd5 10. Be2 cxd4 11. cxd4 Nc6 12. O-O Bf5 13. Qa4 Qa5 14. Qxa5
Nxa5 15. Nd2 Rac8 16. Rac1 Nc6 17. g4 Bd7 18. Rb1 e5 19. Rxb7 Nxd4 20. exd4 Bc6
21. Rxa7 exf4 22. Nb3 Bd5 23. Ra5 Rfd8 24. Rc5 Bxb3 25. Rxc8 Rxc8 26. axb3 Bxd4
27. Rd1 Bb6 28. Rd6 Rc2 29. Rxb6 Rxe2 30. Kg2 g5 31. Rb5 h6 32. Rb6 Kg7 33. h3
Rc2 34. b4 Rc3 35. b5 Rb3 36. Rb8 Kf6 37. Rb6+ Kg7 38. Rb8 Kf6 39. b6 Kg7 40.
b7 Rb2 41. Kf3 Rb4 1/2-1/2

[Event "European Championship"]
[Site "Plovdiv BUL"]
[Date "2012.03.31"]
[Round "11"]
[White "Balogh, Csaba"]
[Black "Vitiugov, Nikita"]
[Result "1/2-1/2"]
[WhiteElo "2664"]
[BlackElo "2709"]
[PlyCount "76"]
[EventDate "2012.03.20"]
[EventRounds "11"]
[EventCountry "BUL"]

1. e4 c5 2. Nf3 e6 3. d4 cxd4 4. Nxd4 Nc6 5. Nc3 Qc7 6. f4 a6 7. Nxc6 Qxc6 8.
Be2 b5 9. Bf3 Bb7 10. Qd3 Rc8 11. Be3 Qc4 12. O-O-O Nf6 13. e5 Bxf3 14. gxf3
Qxd3 15. Rxd3 b4 16. Na4 Nd5 17. Nb6 Nxb6 18. Bxb6 Rb8 19. Bc7 Rb7 20. Bd6 a5
21. c4 Bxd6 22. Rxd6 Ke7 23. Kd2 Rc8 24. Kd3 Rbc7 25. b3 Rc6 26. Rxc6 dxc6 27.
a3 Rd8+ 28. Ke3 bxa3 29. Ra1 c5 30. Rxa3 Ra8 31. Ke4 g6 32. Ra2 Kd7 33. Kd3 Kc7
34. Kc3 Kb6 35. Rd2 Kc7 36. Ra2 Kb6 37. Rd2 Kc7 38. Ra2 Kb6 1/2-1/2

[Event "European Championship"]
[Site "Plovdiv BUL"]
[Date "2012.03.31"]
[Round "11"]
[White "Bologan, Viktor"]
[Black "Malakhov, Vladimir"]
[Result "1/2-1/2"]
[WhiteElo "2687"]
[BlackElo "2705"]
[PlyCount "82"]
[EventDate "2012.03.20"]
[EventRounds "11"]
[EventCountry "BUL"]

1. e4 e5 2. Nf3 Nc6 3. Bb5 Nf6 4. O-O Nxe4 5. d4 Nd6 6. Bxc6 dxc6 7. dxe5 Nf5
8. Qxd8+ Kxd8 9. Nc3 Ke8 10. h3 h5 11. Rd1 Be7 12. Ne2 Be6 13. Nf4 Bc8 14. Ne2
Be6 15. Ned4 Rd8 16. Bf4 Nxd4 17. Nxd4 Bc8 18. e6 Bxe6 19. Nxe6 fxe6 20. Bxc7
Rd5 21. c4 Rd7 22. Bb8 Bc5 23. Rxd7 Kxd7 24. Rd1+ Kc8 25. Be5 Rf8 26. Rd2 g6
27. g4 hxg4 28. hxg4 Rd8 29. Rxd8+ Kxd8 30. Kg2 a6 31. Kf3 Ke7 32. Bg3 Bd4 33.
b3 e5 34. Ke4 Ke6 35. f4 exf4 36. Bxf4 Bg7 37. Be3 Bc3 38. a4 Be5 39. Bf2 Bc3
40. Be3 Be5 41. Bf2 Bc3 1/2-1/2

[Event "European Championship"]
[Site "Plovdiv BUL"]
[Date "2012.03.31"]
[Round "11"]
[White "Brunello, Sabino"]
[Black "Naiditsch, Arkadij"]
[Result "0-1"]
[WhiteElo "2587"]
[BlackElo "2702"]
[PlyCount "74"]
[EventDate "2012.03.20"]
[EventRounds "11"]
[EventCountry "BUL"]

1. d4 Nf6 2. c4 e6 3. Nf3 c5 4. d5 d6 5. Nc3 exd5 6. cxd5 a6 7. a4 g6 8. g3 Bg7
9. Bg2 O-O 10. O-O Nbd7 11. Nd2 Re8 12. a5 b5 13. axb6 Nxb6 14. Nb3 Bf5 15. f3
Nc4 16. e4 Bd7 17. Qe2 Bb5 18. Bh3 Na5 19. Qd1 Nxb3 20. Qxb3 Bxf1 21. Bxf1 Nd7
22. Rxa6 Rxa6 23. Bxa6 Qa5 24. Qb5 Bxc3 25. bxc3 Qa1 26. Qxd7 Qxc1+ 27. Kf2
Qb2+ 28. Be2 Ra8 29. e5 dxe5 30. Qc6 Qa3 31. d6 Rf8 32. c4 Qa7 33. Bd1 Qa1 34.
Ba4 Rb8 35. Bb5 Ra8 36. Kg2 Ra2+ 37. Kh3 Kg7 0-1

[Event "European Championship"]
[Site "Plovdiv BUL"]
[Date "2012.03.31"]
[Round "11"]
[White "Dreev, Aleksey"]
[Black "Ragger, Markus"]
[Result "1/2-1/2"]
[WhiteElo "2698"]
[BlackElo "2654"]
[PlyCount "59"]
[EventDate "2012.03.20"]
[EventRounds "11"]
[EventCountry "BUL"]

1. d4 d5 2. c4 c6 3. Nf3 Nf6 4. e3 Bg4 5. Nc3 e6 6. Qb3 Qb6 7. Nh4 Bh5 8. h3
Be7 9. g4 Bg6 10. Nxg6 hxg6 11. Bg2 g5 12. Bd2 Nbd7 13. O-O-O a5 14. Qxb6 Nxb6
15. c5 Nbd7 16. e4 Nxe4 17. Bxe4 dxe4 18. Nxe4 f6 19. f4 gxf4 20. Bxf4 b6 21.
Rde1 Kf7 22. cxb6 Nxb6 23. Rhf1 Nd5 24. Bd6 Bxd6 25. Nxd6+ Ke7 26. Nf5+ Kf7 27.
Nd6+ Ke7 28. Nf5+ Kf7 29. Nd6+ Ke7 30. Nf5+ 1/2-1/2

[Event "European Championship"]
[Site "Plovdiv BUL"]
[Date "2012.03.31"]
[Round "11"]
[White "Giri, Anish"]
[Black "Zontakh, Andrey"]
[Result "1-0"]
[WhiteElo "2717"]
[BlackElo "2556"]
[PlyCount "51"]
[EventDate "2012.03.20"]
[EventRounds "11"]
[EventCountry "BUL"]

1. d4 Nf6 2. c4 e6 3. Nf3 d5 4. g3 Bb4+ 5. Bd2 Bxd2+ 6. Qxd2 O-O 7. Bg2 Nbd7 8.
O-O dxc4 9. Rc1 c5 10. dxc5 Nxc5 11. Ne5 Nd5 12. Nxc4 b6 13. b4 Na4 14. e4 Nc7
15. e5 Qxd2 16. Nbxd2 Nd5 17. Nd6 Rb8 18. Bxd5 exd5 19. Rc7 a5 20. bxa5 bxa5
21. Nb3 Bh3 22. Nxa5 Rb2 23. Nc6 h5 24. Ne7+ Kh7 25. Nxd5 Rfb8 26. Nxf7 1-0

[Event "European Championship"]
[Site "Plovdiv BUL"]
[Date "2012.03.31"]
[Round "11"]
[White "Grachev, Boris"]
[Black "Alekseenko, Kirill"]
[Result "1/2-1/2"]
[WhiteElo "2705"]
[BlackElo "2367"]
[PlyCount "107"]
[EventDate "2012.03.20"]
[EventRounds "11"]
[EventCountry "BUL"]

1. c4 e5 2. g3 d6 3. Bg2 Nc6 4. Nc3 f5 5. e3 Nf6 6. Nge2 g6 7. b3 Bg7 8. Bb2
O-O 9. d3 Ne7 10. f4 exf4 11. gxf4 c6 12. Qd2 d5 13. O-O h6 14. Rad1 Be6 15.
Nd4 Qd7 16. Nf3 Rad8 17. c5 Ng4 18. Rde1 d4 19. exd4 Rfe8 20. h3 Nf6 21. d5
Nfxd5 22. Ne5 Qc7 23. Nc4 Nc8 24. Nxd5 cxd5 25. Bxg7 dxc4 26. Be5 Qxc5+ 27. d4
c3 28. Qc2 Qe7 29. Qxc3 Nb6 30. Qa5 Bd5 31. Qxa7 Bxg2 32. Qxb6 Bc6 33. Re3 Qf7
34. Kh2 Kh7 35. Rg3 Rc8 36. Qb4 Rg8 37. Rc1 Rcd8 38. Qc4 Qe7 39. Qc5 Qf7 40.
Qc4 Qe7 41. Qc5 Qf7 42. Qc2 g5 43. fxg5 Rxg5 44. Rxg5 hxg5 45. Rf1 Rxd4 46.
Rxf5 Rd2+ 47. Kg1 Rxc2 48. Rxf7+ Kg6 49. Rf6+ Kh5 50. a3 Re2 51. Bd6 Re3 52.
Bf8 Rxh3 53. Rh6+ Kg4 54. Rxh3 1/2-1/2

[Event "European Championship"]
[Site "Plovdiv BUL"]
[Date "2012.03.31"]
[Round "11"]
[White "Inarkiev, Ernesto"]
[Black "Vallejo Pons, Francisco"]
[Result "1/2-1/2"]
[WhiteElo "2695"]
[BlackElo "2693"]
[PlyCount "121"]
[EventDate "2012.03.20"]
[EventRounds "11"]
[EventCountry "BUL"]

1. e4 e6 2. d4 d5 3. Nc3 Bb4 4. e5 c5 5. a3 Bxc3+ 6. bxc3 Ne7 7. h4 h6 8. h5
Nd7 9. Qg4 Qa5 10. Bd2 O-O 11. c4 f5 12. Qxg7+ Kxg7 13. Bxa5 b6 14. Bc3 Ba6 15.
Ne2 Kf7 16. cxd5 Nxd5 17. Bd2 Bxe2 18. Bxe2 cxd4 19. Rh4 Rac8 20. Rxd4 Rxc2 21.
Bxh6 Rg8 22. Kf1 Nxe5 23. Rc1 Ra2 24. a4 Ng4 25. Bd2 Ngf6 26. Bf3 Rh8 27. Ke1
a6 28. g3 Rxh5 29. Bxh5+ Nxh5 30. Rdc4 Nhf6 31. R1c2 Ra1+ 32. Ke2 Nd7 33. Rd4
Nc5 34. a5 Nb3 35. Rxd5 exd5 36. axb6 Rb1 37. Bc3 Nc5 38. Bd4 Nd7 39. Rc7 Ke6
40. Ra7 Kd6 41. Rxa6 Nc5 42. Ra3 Ne6 43. Bf6 Rxb6 44. Rf3 f4 45. g4 d4 46. Rd3
Kd5 47. Kf3 Rb5 48. Rd1 Rb3+ 49. Kg2 Rb6 50. g5 Ke4 51. Re1+ Kf5 52. Re5+ Kg6
53. Kf3 d3 54. Rd5 Rb1 55. Rxd3 Nxg5+ 56. Bxg5 Kxg5 57. Rd5+ Kf6 58. Kxf4 Rb4+
59. Kg3 Ra4 60. f4 Ra1 61. Kg4 1/2-1/2

[Event "European Championship"]
[Site "Plovdiv BUL"]
[Date "2012.03.31"]
[Round "11"]
[White "Jakovenko, Dmitry"]
[Black "Fressinet, Laurent"]
[Result "1-0"]
[WhiteElo "2729"]
[BlackElo "2693"]
[PlyCount "83"]
[EventDate "2012.03.20"]
[EventRounds "11"]
[EventCountry "BUL"]

1. d4 d5 2. c4 e6 3. Nc3 Bb4 4. Nf3 Nf6 5. cxd5 exd5 6. Bg5 Nbd7 7. e3 c5 8.
dxc5 Qa5 9. Rc1 Bxc3+ 10. bxc3 O-O 11. Nd4 Qxc5 12. Bd3 Re8 13. O-O Ne4 14. Bf4
Ne5 15. Bxe5 Rxe5 16. c4 Nf6 17. Qb3 Re7 18. Rfd1 Bg4 19. f3 Be6 20. cxd5 Qxd5
21. Bc4 Qe5 22. f4 Qe4 23. Nxe6 fxe6 24. Be2 Nd5 25. Kf2 Qb4 26. Bc4 Qxb3 27.
Bxb3 Nc7 28. Rc5 Kf8 29. Re5 g6 30. h4 Kg7 31. h5 Rf8 32. g4 Rff7 33. Rg5 Rd7
34. hxg6 hxg6 35. Bc2 Kf8 36. Rxg6 Rxd1 37. Bxd1 Rh7 38. Bb3 Ke7 39. f5 exf5
40. gxf5 Ne8 41. e4 Nd6 42. f6+ 1-0

[Event "European Championship"]
[Site "Plovdiv BUL"]
[Date "2012.03.31"]
[Round "11"]
[White "Khairullin, Ildar"]
[Black "Riazantsev, Alexander"]
[Result "0-1"]
[WhiteElo "2626"]
[BlackElo "2710"]
[PlyCount "82"]
[EventDate "2012.03.20"]
[EventRounds "11"]
[EventCountry "BUL"]

1. d4 Nf6 2. c4 e6 3. Nf3 d5 4. Nc3 c6 5. e3 Nbd7 6. Qc2 b6 7. Bd3 Bb7 8. O-O
Be7 9. Rd1 O-O 10. b3 Qc7 11. Bb2 Rad8 12. Rac1 Qb8 13. Ne5 h6 14. f4 c5 15. h3
Qa8 16. Qe2 cxd4 17. exd4 Ne4 18. Nxe4 dxe4 19. Bb1 Bd6 20. c5 Nxe5 21. fxe5
Be7 22. b4 Bd5 23. Rf1 f5 24. exf6 gxf6 25. Qh5 Rf7 26. Rc3 Rg7 27. Bc1 e3 28.
g4 bxc5 29. Bxe3 Bh1 30. Rc2 cxd4 31. Bxh6 d3 32. Rh2 Rd5 33. Qh4 Be4 34. Bxg7
Kxg7 35. Qe1 Rd4 36. Qe3 Qd5 37. a3 Bd8 38. Rhf2 Qe5 39. Qf4 Bg6 40. Qxe5 fxe5
41. Kg2 e4 0-1

[Event "European Championship"]
[Site "Plovdiv BUL"]
[Date "2012.03.31"]
[Round "11"]
[White "Khismatullin, Denis"]
[Black "Jobava, Baadur"]
[Result "1/2-1/2"]
[WhiteElo "2656"]
[BlackElo "2706"]
[PlyCount "88"]
[EventDate "2012.03.20"]
[EventRounds "11"]
[EventCountry "BUL"]

1. d4 Nf6 2. c4 e6 3. Nf3 c5 4. g3 cxd4 5. Nxd4 a6 6. Bg2 Qc7 7. b3 h5 8. h3
Bb4+ 9. Bd2 Bc5 10. e3 Nc6 11. Bc3 e5 12. Nf3 d6 13. Ng5 h4 14. g4 Qe7 15. Nd2
Nxg4 16. Nde4 Nf6 17. Nxc5 dxc5 18. Bxc6+ bxc6 19. Qf3 O-O 20. Rg1 Rd8 21. Ke2
a5 22. Ne4 Nxe4 23. Qxe4 Bxh3 24. Qxe5 Qxe5 25. Bxe5 g6 26. f3 Be6 27. Bf6 Rd7
28. Bxh4 Kg7 29. e4 Rh8 30. Rh1 Rh5 31. Bf2 Rxh1 32. Rxh1 a4 33. Rc1 axb3 34.
axb3 g5 35. Bxc5 f5 36. b4 Kf6 37. Bf2 g4 38. Bh4+ Ke5 39. exf5 gxf3+ 40. Kxf3
Rd3+ 41. Ke2 Bxf5 42. b5 cxb5 43. cxb5 Rb3 44. Bf2 Rxb5 1/2-1/2

[Event "European Championship"]
[Site "Plovdiv BUL"]
[Date "2012.03.31"]
[Round "11"]
[White "Kryvoruchko, Yuriy"]
[Black "Caruana, Fabiano"]
[Result "1-0"]
[WhiteElo "2666"]
[BlackElo "2767"]
[PlyCount "107"]
[EventDate "2012.03.20"]
[EventRounds "11"]
[EventCountry "BUL"]

1. e4 e5 2. Nf3 Nc6 3. Bb5 a6 4. Ba4 Nf6 5. O-O b5 6. Bb3 Bc5 7. a4 Rb8 8. c3
d6 9. d4 Bb6 10. Na3 O-O 11. axb5 axb5 12. Nxb5 Bg4 13. Bc2 exd4 14. Nbxd4 Nxd4
15. cxd4 Bxf3 16. gxf3 Nh5 17. Kh1 Qf6 18. Be3 Ra8 19. Rxa8 Rxa8 20. Rg1 Nf4
21. Bb3 g6 22. e5 dxe5 23. dxe5 Qf5 24. Bxf7+ Kg7 25. Bd5 Nxd5 26. Qxd5 Ra5 27.
Qc6 Rxe5 28. Bxb6 cxb6 29. Qc3 Qf6 30. Rd1 Kh6 31. Rd4 Re7 32. Kg2 Rf7 33. Qe3+
Kg7 34. Rb4 Rb7 35. h4 h5 36. b3 Rf7 37. Re4 b5 38. Rd4 Re7 39. Qd3 Rf7 40. Rd6
Qf5 41. Qd4+ Kh6 42. Qh8+ Rh7 43. Qc3 Rf7 44. Rb6 Rg7 45. Qc6 Qf4 46. Qe4 Qc7
47. Rxb5 Re7 48. Qd4 Kh7 49. Rd5 Qb7 50. b4 Rf7 51. b5 Qc7 52. Rd8 Rg7 53. Qf6
Qc5 54. Qc6 1-0

[Event "European Championship"]
[Site "Plovdiv BUL"]
[Date "2012.03.31"]
[Round "11"]
[White "Navara, David"]
[Black "Mchedlishvili, Mikheil"]
[Result "1/2-1/2"]
[WhiteElo "2700"]
[BlackElo "2626"]
[PlyCount "80"]
[EventDate "2012.03.20"]
[EventRounds "11"]
[EventCountry "BUL"]

1. e4 c6 2. c4 d5 3. exd5 cxd5 4. d4 Nf6 5. Nc3 e6 6. Nf3 Bb4 7. cxd5 Nxd5 8.
Bd2 Nc6 9. Bd3 Be7 10. O-O O-O 11. Qe2 Nf6 12. Ne4 Qb6 13. Be3 Nd5 14. Rac1 Rd8
15. a3 e5 16. Nxe5 Nxd4 17. Bxd4 Qxd4 18. Nf3 Qb6 19. Neg5 Bxg5 20. Nxg5 h6 21.
Rfe1 g6 22. Nxf7 Kxf7 23. Bc4 Be6 24. Rcd1 Nc7 25. Qf3+ Kg7 26. Qc3+ Kh7 27.
Qf6 Rxd1 28. Rxd1 Re8 29. h4 Qc6 30. h5 Qxc4 31. Qxg6+ Kh8 32. Qxh6+ Kg8 33.
Qg5+ Kh7 34. Qg6+ Kh8 35. Qh6+ Kg8 36. Qg5+ Kh7 37. Qg6+ Kh8 38. Qh6+ Kg8 39.
Qg5+ Kh7 40. Qg6+ Kh8 1/2-1/2

[Event "European Championship"]
[Site "Plovdiv BUL"]
[Date "2012.03.31"]
[Round "11"]
[White "Rapport, Richard"]
[Black "Sutovsky, Emil"]
[Result "1/2-1/2"]
[WhiteElo "2559"]
[BlackElo "2700"]
[PlyCount "85"]
[EventDate "2012.03.20"]
[EventRounds "11"]
[EventCountry "BUL"]

1. d4 Nf6 2. c4 g6 3. g3 Bg7 4. Bg2 d6 5. Nf3 O-O 6. O-O Nc6 7. Nc3 Bf5 8. Ne1
Na5 9. e4 Bg4 10. f3 Bd7 11. b3 c5 12. Nc2 e5 13. dxc5 dxc5 14. Bg5 h6 15. Be3
b6 16. Qd2 Kh7 17. Nd5 Nxd5 18. cxd5 c4 19. Rab1 Rc8 20. Na3 c3 21. Qd3 Qe7 22.
b4 Nc4 23. Nxc4 Bb5 24. Qxc3 Bxc4 25. Bh3 f5 26. exf5 gxf5 27. Rfc1 Qf7 28. Qd2
Bxd5 29. Bxf5+ Qxf5 30. Qxd5 Rxc1+ 31. Rxc1 Qxf3 32. Qxf3 Rxf3 33. Re1 Kg6 34.
a4 e4 35. b5 Bc3 36. Re2 h5 37. Kg2 Be5 38. a5 bxa5 39. Bxa7 Rb3 40. Rxe4 Rxb5
41. Bd4 Bb8 42. Bc3 Rc5 43. Be1 1/2-1/2

[Event "European Championship"]
[Site "Plovdiv BUL"]
[Date "2012.03.31"]
[Round "11"]
[White "Sjugirov, Sanan"]
[Black "Bacrot, Etienne"]
[Result "1/2-1/2"]
[WhiteElo "2610"]
[BlackElo "2706"]
[PlyCount "88"]
[EventDate "2012.03.20"]
[EventRounds "11"]
[EventCountry "BUL"]

1. e4 e5 2. Nf3 Nc6 3. Bb5 Nf6 4. d3 Bc5 5. c3 O-O 6. O-O d5 7. exd5 Qxd5 8.
Bc4 Qd8 9. b4 Bd6 10. Re1 h6 11. Nbd2 Re8 12. a4 Bf5 13. Ne4 Be6 14. Bxe6 Rxe6
15. b5 Nb8 16. Nxd6 cxd6 17. c4 Nbd7 18. Ba3 Qc7 19. Rc1 Nc5 20. d4 exd4 21.
Rxe6 fxe6 22. Nxd4 Re8 23. Qc2 Qf7 24. Rd1 Rc8 25. f3 Nfd7 26. Ne2 Qe7 27. Bb2
Ne5 28. Bxe5 dxe5 29. a5 Rd8 30. g3 Qc7 31. Rxd8+ Qxd8 32. Qc3 e4 33. Kf2 exf3
34. Kxf3 b6 35. a6 Qa8+ 36. Ke3 Qe4+ 37. Kd2 e5 38. h4 Kf7 39. Qe3 Qxc4 40.
Qxe5 Qd3+ 41. Ke1 Qb1+ 42. Kd2 Qd3+ 43. Ke1 Qb1+ 44. Kd2 Qd3+ 1/2-1/2

[Event "IV Iberoamerican Championship"]
[Site "?"]
[Date "2012.04.15"]
[Round "1"]
[White "Bruzon, Lazaro"]
[Black "Felgaer, Ruben"]
[Result "1-0"]
[WhiteElo "2694"]
[BlackElo "2564"]
[PlyCount "99"]
[EventDate "2012.??.??"]
[SourceDate "2012.04.16"]

1. d4 d5 2. c4 c6 3. Nc3 dxc4 4. a4 b5 5. e4 b4 6. Nce2 e6 7. Nf3 Nf6 8. Ng3
Ba6 9. Bg5 Qa5 10. Be2 Nbd7 11. O-O Be7 12. Qc2 Nb6 13. Ne5 Rc8 14. f4 O-O 15.
Nxc4 Bxc4 16. Bxc4 Rfd8 17. Rad1 c5 18. d5 Nxc4 19. Qxc4 exd5 20. exd5 Qxa4 21.
Rfe1 Qd7 22. d6 Bf8 23. Bxf6 gxf6 24. Ne4 Qe6 25. Qc2 f5 26. Ng3 b3 27. Qb1 Qf6
28. Nxf5 Rd7 29. Rd3 Rcd8 30. Rxb3 Bxd6 31. Rh3 Bxf4 32. Rf1 Qg6 33. Qe4 Bg5
34. Rg3 Kh8 35. Qg4 Bd2 36. Qh4 Qe6 37. h3 h6 38. Qg4 Qe5 39. h4 Rd3 40. Rff3
Rxf3 41. Rxf3 Rg8 42. Qc4 Qe1+ 43. Kh2 Qe5+ 44. g3 Qe6 45. Qd3 Bc1 46. Qc3+ Kh7
47. Qxc1 Qe2+ 48. Kh3 Rg6 49. Qf1 Qe4 50. Qf2 1-0

[Event "IV Iberoamerican Championship"]
[Site "?"]
[Date "2012.04.15"]
[Round "2"]
[White "Almedina Ortiz, Edgardo"]
[Black "Bruzon, Lazaro"]
[Result "0-1"]
[WhiteElo "2247"]
[BlackElo "2694"]
[PlyCount "86"]
[EventDate "2012.??.??"]
[SourceDate "2012.04.16"]

1. e4 c5 2. Nf3 a6 3. Nc3 e6 4. d4 cxd4 5. Nxd4 Qc7 6. Be2 Nf6 7. O-O Nc6 8.
Be3 Be7 9. f4 d6 10. a4 O-O 11. Bf3 Na5 12. Kh1 Re8 13. Qe1 Nc4 14. Bc1 e5 15.
Nde2 Qc5 16. Qf2 Qxf2 17. Rxf2 d5 18. b3 Bc5 19. Rf1 dxe4 20. Nxe4 Nxe4 21.
Bxe4 exf4 22. Bd5 Rxe2 23. Bxc4 Rxc2 24. Bxf4 Be6 25. Bxe6 fxe6 26. Rac1 Rxc1
27. Rxc1 Rd8 28. g3 Rd5 29. Re1 g5 30. Be3 Re5 31. Bf2 Rxe1+ 32. Bxe1 g4 33. h3
h5 34. hxg4 hxg4 35. Kg2 Kf7 36. Kf1 Kf6 37. Ke2 Ke5 38. Kd3 Kd5 39. a5 Bd4 40.
Ke2 Ke4 41. Bb4 Be5 42. Be1 Bc7 43. b4 Bd6 0-1

[Event "IV Iberoamerican Championship"]
[Site "?"]
[Date "2012.04.16"]
[Round "3"]
[White "Bruzon, Lazaro"]
[Black "Rodriguez, Andres"]
[Result "1-0"]
[WhiteElo "2694"]
[BlackElo "2518"]
[PlyCount "145"]
[EventDate "2012.??.??"]
[SourceDate "2012.04.17"]

1. e4 e6 2. d4 d5 3. Nd2 c5 4. exd5 exd5 5. Ngf3 Nc6 6. Bb5 Bd6 7. dxc5 Bxc5 8.
O-O Nge7 9. Nb3 Bd6 10. c3 O-O 11. Bd3 h6 12. h3 Nf5 13. Bc2 Qf6 14. Qxd5 Be6
15. Qe4 Rfe8 16. Nbd4 Nfxd4 17. Nxd4 Nxd4 18. cxd4 g6 19. Qd3 Rac8 20. Bb3 Bf5
21. Qf3 Qxd4 22. Bxh6 Qe5 23. g3 Qh8 24. Rad1 Be5 25. g4 Qxh6 26. gxf5 gxf5 27.
Kh1 Kh8 28. Rg1 Bxb2 29. Qxf5 Rc5 30. Bd5 Bg7 31. Rg3 Re7 32. Rdg1 Qf6 33. Qh5+
Qh6 34. Qf3 Rc3 35. Qg4 Rxg3 36. Rxg3 Qf6 37. Qc8+ Kh7 38. Qc2+ Kh8 39. Kg2 b6
40. Qc8+ Kh7 41. Qg4 Qe5 42. Bb3 Kg8 43. Re3 Qc7 44. Rg3 Qc6+ 45. Rf3 Kf8 46.
Qh5 Qd7 47. Rg3 Qd4 48. Rg4 Qf6 49. Qd5 Re8 50. Rg3 Rd8 51. Qb7 a5 52. Qc7 Re8
53. h4 Re2 54. Qc8+ Re8 55. Qc4 Re7 56. Qc8+ Re8 57. Qc7 Re7 58. Qd8+ Re8 59.
Qd5 Re5 60. Qb7 Re7 61. Qc8+ Re8 62. Qg4 Qd4 63. Qh5 Re7 64. Rf3 Bf6 65. Qf5
Bxh4 66. Bxf7 Re5 67. Qc8+ Bd8 68. Bb3+ Kg7 69. Rf7+ Kh6 70. Qc6+ Kg5 71. f4+
Kh4 72. fxe5 Qg4+ 73. Kf1 1-0

[Event "IV Iberoamerican Championship"]
[Site "?"]
[Date "2012.04.16"]
[Round "4"]
[White "Prasca Sosa, Rafael"]
[Black "Bruzon, Lazaro"]
[Result "0-1"]
[WhiteElo "2420"]
[BlackElo "2694"]
[PlyCount "80"]
[EventDate "2012.??.??"]
[SourceDate "2012.04.17"]

1. e4 c5 2. Nf3 d6 3. d4 Nf6 4. Nc3 cxd4 5. Qxd4 Nc6 6. Bb5 Bd7 7. Bxc6 Bxc6 8.
Bg5 e6 9. Qd3 Be7 10. Nd4 Qa5 11. Bd2 Qc7 12. O-O-O O-O 13. f4 Rfc8 14. f5 Bd7
15. fxe6 fxe6 16. Bg5 Qc4 17. Qxc4 Rxc4 18. Ndb5 Bxb5 19. Nxb5 Rd8 20. Nd4 Kf7
21. Rhe1 h6 22. Bxf6 gxf6 23. c3 a6 24. Kc2 Rg8 25. g3 h5 26. Nf3 Rc5 27. Rd4
Rg4 28. a4 e5 29. Rb4 b5 30. axb5 axb5 31. Nh4 d5 32. Nf5 Bf8 33. h3 Rg5 34.
Rf1 Ke6 35. Kd3 dxe4+ 36. Kxe4 Rd5 37. c4 Rd2 38. Rxb5 Rxf5 39. Rb6+ Bd6 40.
Rc1 Rff2 0-1

[Event "IV Iberoamerican Championship"]
[Site "?"]
[Date "2012.04.17"]
[Round "5"]
[White "Bruzon, Lazaro"]
[Black "Macias Murillo, Bryan"]
[Result "1-0"]
[WhiteElo "2694"]
[BlackElo "2382"]
[PlyCount "85"]
[EventDate "2012.??.??"]
[SourceDate "2012.04.18"]

1. Nf3 c5 2. c4 b6 3. g3 Bb7 4. Bg2 Nf6 5. O-O e6 6. Nc3 d6 7. d4 cxd4 8. Qxd4
a6 9. Bg5 Nbd7 10. Rfd1 Be7 11. Qd2 Rc8 12. b3 O-O 13. Rac1 Qc7 14. Bf4 Ne8 15.
h3 Qb8 16. e4 Qa8 17. Qe2 h6 18. Kh2 Qb8 19. Nd2 Bd8 20. b4 Ne5 21. a3 Ng6 22.
Be3 Nf6 23. Na4 Nd7 24. Nb3 Bc6 25. Nc3 Bc7 26. a4 Bb7 27. Rb1 Qa8 28. a5 bxa5
29. Nxa5 Bxa5 30. bxa5 Nc5 31. Rxd6 Ne5 32. Bf4 Nxc4 33. Qxc4 Nxe4 34. Qxe4
Bxe4 35. Nxe4 Kh8 36. Be3 Rc2 37. Rd7 Qc6 38. Rbb7 Qa4 39. Nd6 Qxa5 40. Nxf7+
Rxf7 41. Rxf7 Qe5 42. Bf4 Qd4 43. Bxh6 1-0

[Event "IV Iberoamerican Championship"]
[Site "?"]
[Date "2012.04.18"]
[Round "6"]
[White "Bruzon, Lazaro"]
[Black "Leon Hoyos, Manuel"]
[Result "1/2-1/2"]
[WhiteElo "2694"]
[BlackElo "2569"]
[PlyCount "86"]
[EventDate "2012.??.??"]
[SourceDate "2012.04.19"]

1. d4 Nf6 2. c4 c5 3. d5 b5 4. cxb5 a6 5. b6 d6 6. Nc3 Nbd7 7. Nf3 Rb8 8. e4 g6
9. Be2 Bg7 10. O-O O-O 11. b7 Bxb7 12. h3 Ne8 13. Bg5 Nc7 14. Qd2 f5 15. exf5
Rxf5 16. Bd3 Rf7 17. Rae1 Qf8 18. Nh2 Nxd5 19. Nxd5 Bxd5 20. Bxg6 hxg6 21. Qxd5
Kh7 22. Re4 Rxb2 23. Bxe7 Rxe7 24. Rh4+ Bh6 25. Ng4 Nf6 26. Rxh6+ Qxh6 27.
Nxf6+ Kg7 28. Qxd6 Rbe2 29. Nd5 Rf7 30. Qxc5 Qd2 31. Nc7 a5 32. a3 Ree7 33. Nb5
Re1 34. g3 Kh7 35. Nc3 Rxf1+ 36. Kxf1 Qd3+ 37. Kg1 Qf5 38. Qe3 Qf3 39. Qd4 Qf6
40. Qc5 Qe7 41. Qd4 Qf6 42. Qc5 Qe7 43. Qd4 Qf6 1/2-1/2

[Event "IV Iberoamerican Championship"]
[Site "?"]
[Date "2012.04.19"]
[Round "7"]
[White "Salgado Lopez, Ivan"]
[Black "Bruzon, Lazaro"]
[Result "1/2-1/2"]
[WhiteElo "2621"]
[BlackElo "2694"]
[PlyCount "60"]
[EventDate "2012.??.??"]
[SourceDate "2012.04.20"]

1. e4 e5 2. Nf3 Nc6 3. Bb5 Nf6 4. O-O Nxe4 5. Re1 Nd6 6. Nxe5 Be7 7. Bf1 Nxe5
8. Rxe5 O-O 9. d4 Bf6 10. Re1 Re8 11. Bf4 Rxe1 12. Qxe1 Ne8 13. c3 d5 14. Bd3
g6 15. Nd2 Ng7 16. Nf3 c6 17. Qd2 Bf5 18. Re1 Bxd3 19. Qxd3 Qd7 20. Be5 Bxe5
21. Nxe5 Qf5 22. Qxf5 Nxf5 23. Nd3 Kf8 24. Nc5 Nd6 25. Nd7+ Kg7 26. Nc5 Kf8 27.
Nd7+ Kg7 28. Nc5 Kf8 29. Nd7+ Kg7 30. Nc5 Kf8 1/2-1/2